| 000 | 00685nam a2200193 i 4500 | ||
|---|---|---|---|
| 001 | 50599 | ||
| 003 | ES-MaACL | ||
| 005 | 20230906162215.0 | ||
| 007 | t| | ||
| 008 | 030805s1945 sp ||||1| spa d | ||
| 100 | 1 |
_aChacón, Manuel. _937761 |
|
| 245 | 1 | 3 |
_aLa relación de trabajo y la jurisdicción laboral : _bbosquejo histórico / _cpor Manuel Chacón. |
| 260 |
_aMadrid : _b[Escuela Social de Madrid], _c1945 ( _fGráf. Barragán) |
||
| 300 |
_a33 p. ; _c24 cm. |
||
| 594 | _aPrecede al tít.: Ministerio de Trabajo. Escuela Social de Madrid. | ||
| 650 | 4 |
_aRelaciones laborales- _zEspaña. _9169990 |
|
| 710 | 2 |
_aEscuela Social de Madrid. _93593 |
|
| 852 |
_aES-MaACL _j1865-F-19 |
||
| 999 |
_c50599 _d50599 |
||